[Event "Challenge"]
[Site "http://www.queenalice.com/game.php?id=917133"]
[Date "2011.3.25"]
[Round "-"]
[White "orlando"]
[Black "pj"]
[Result "1-0"]
[WhiteElo "1618"]
[BlackElo "1429"]

1. g3 e5 2. Bg2 Bc5 3. b3 Qf6 4. e3 Nh6 5. Bb2 d6 6. Nf3 g5 7. d4 exd4 8. Nxd4
Ng4 9. O-O Qh6 10. Nf3 O-O 11. h4 gxh4 12. Nxh4 Nc6 13. Bf3 Qg5 14. Nc3 Bf5 15.
Ne4 Bxe4 16. Bxe4 Rae8 17. Bf3 Nce5 18. Bxe5 dxe5 19. Bxg4 Rd8 20. Qe2 Bb4 21.
Bf3 c5 22. Bxb7 Rd2 23. Qc4 Re8 24. Nf3 Qh5 25. Nxd2 Re6 26. Kg2 Rf6 27. Qd5 Rh6
28. Rh1 Qg5 29. Rxh6 Qxh6 30. Qd8+ Kg7 31. Ne4 a5 32. Rd1 f5 33. Qe7+ Kg6 34.
Qf6+ Kh5 35. Qxf5+ Qg5 36. Qxg5# 1-0

[Event "Challenge"]
[Site "http://www.queenalice.com/game.php?id=917134"]
[Date "2011.3.25"]
[Round "-"]
[White "pj"]
[Black "orlando"]
[Result "0-1"]
[WhiteElo "1399"]
[BlackElo "1622"]

1. e4 g6 2. Bc4 Bg7 3. Qf3 e6 4. Nh3 b6 5. d3 Bb7 6. Bg5 Bf6 7. Qf4 h6 8. Bxf6
Nxf6 9. O-O h5 10. f3 O-O 11. Qh6 Nh7 12. f4 Nc6 13. f5 Qf6 14. fxg6 Qxg6 15.
Qf4 d6 16. Na3 Nd4 17. Rae1 a6 18. c3 Nc6 19. d4 Ne7 20. Rf3 Kh8 21. Rg3 Qf6 22.
Rf1 Qxf4 23. Nxf4 Nf6 24. Rff3 Bxe4 25. Re3 Nf5 26. Rxe4 Nxg3 27. hxg3 Nxe4 28.
Nxh5 Rg8 29. d5 e5 30. Be2 Nxg3 31. Nxg3 Rxg3 32. Kh2 Rag8 33. Bf1 e4 34. Nc2 e3
35. Nd4 f5 36. Ne2 R3g5 37. g3 f4 38. gxf4 Rxd5 39. Nd4 c5 40. Nc2 Rd2+ 41. Kh3
Rxc2 42. b4 e2 43. Bxe2 Rxe2 44. bxc5 Re6 45. f5 Rh6# 0-1

[Event "AUTO-INT-1892"]
[Site "http://www.queenalice.com/game.php?id=917438"]
[Date "2011.3.25"]
[Round "2"]
[White "orlando"]
[Black "UKopra"]
[Result "1-0"]
[WhiteElo "1629"]
[BlackElo "1936"]

1. g3 c5 2. Bg2 Nc6 3. Nf3 g6 4. b3 Bg7 5. c3 e6 6. Bb2 Nge7 7. e3 O-O 8. O-O d5
9. d4 cxd4 10. cxd4 Re8 11. Nc3 Nf5 12. a4 e5 13. dxe5 Bxe5 14. Nxe5 Rxe5 15.
Bxd5 Nb4 16. Bxf7+ Kxf7 17. Qxd8 Re8 18. Qc7+ Kf6 19. Ne4+ Ke6 20. Qe5+ Kf7 21.
Qf6+ Kg8 22. Qh8+ Kf7 23. Qxh7+ Ke6 24. Qxg6+ Ke7 25. Qf6+ Kd7 26. Rfd1+ Kc7 27.
Be5+ Rxe5 28. Qxe5+ Kb6 29. Qb5+ Kc7 30. Qxb4 b6 31. Rac1+ Kb8 32. Rd8 Kb7 33.
Nd6+ Nxd6 34. Qxd6 Bh3 35. Rxa8 Kxa8 36. Rc7 Kb8 37. Qd8+ 1-0

[Event "AUTO-INT-1892"]
[Site "http://www.queenalice.com/game.php?id=917439"]
[Date "2011.3.25"]
[Round "2"]
[White "UKopra"]
[Black "orlando"]
[Result "1-0"]
[WhiteElo "1925"]
[BlackElo "1626"]

1. d4 g6 2. c4 Bg7 3. Nc3 Nf6 4. e4 b6 5. Nf3 Bb7 6. Bd3 e6 7. Bg5 d6 8. h3 Qd7
9. e5 dxe5 10. dxe5 Ng8 11. Qe2 Nc6 12. O-O-O a5 13. Bxg6 Qc8 14. Be4 Nge7 15.
Bf6 Bxf6 16. exf6 Ng6 17. Bxg6 hxg6 18. g4 Nb4 19. Rh2 Kf8 20. a3 Nc6 21. h4 Qe8
22. h5 Rd8 23. hxg6 Rxd1+ 24. Qxd1 Rxh2 25. g7+ Kg8 26. Nxh2 Ne5 27. f4 Nxc4 28.
g5 Bd5 29. Qh5 1-0

[Event "AUTO-INT-1892"]
[Site "http://www.queenalice.com/game.php?id=917440"]
[Date "2011.3.25"]
[Round "2"]
[White "orlando"]
[Black "linoprof"]
[Result "0-1"]
[WhiteElo "1625"]
[BlackElo "1851"]

1. g3 e5 2. Bg2 Nf6 3. b3 d5 4. Bb2 Bf5 5. Bxe5 Nc6 6. Bb2 Bc5 7. Nf3 O-O 8. O-O
Re8 9. e3 d4 10. exd4 Bxd4 11. Nxd4 Nxd4 12. Bxb7 Bxc2 13. Bxa8 Bxd1 14. Rxd1
Ne2+ 15. Kf1 Qxa8 16. Nc3 Qh1# 0-1

[Event "AUTO-INT-1892"]
[Site "http://www.queenalice.com/game.php?id=917441"]
[Date "2011.3.25"]
[Round "2"]
[White "linoprof"]
[Black "orlando"]
[Result "1-0"]
[WhiteElo "1896"]
[BlackElo "1653"]

1. e4 g6 2. d4 b6 3. Nf3 Bg7 4. Bc4 Bb7 5. Nc3 Nf6 6. e5 Ng4 7. O-O O-O 8. Nh4
Nh6 9. Bf4 e6 10. Nf3 Nc6 11. Qd2 Nf5 12. d5 Nb4 13. Bg5 Qe8 14. Rfe1 a5 15. a3
Na6 16. Ne4 Nc5 17. Nxc5 bxc5 18. Rad1 c6 19. d6 Qb8 20. c3 Ba6 21. Bxa6 Rxa6
22. g4 Nxd6 23. Qxd6 Qxd6 24. Rxd6 Rb8 25. Rxd7 Rab6 26. Bc1 a4 27. Ra7 Rd8 28.
g5 Rd3 29. Kg2 Rb8 30. Rxa4 Rbd8 31. Be3 h6 32. gxh6 Bh8 33. Bxc5 Kh7 34. Ng5+
Kg8 35. Be7 Re8 36. h7+ Kg7 37. Bf6+ Kh6 38. Rh4# 1-0

[Event "AUTO-INT-1892"]
[Site "http://www.queenalice.com/game.php?id=917442"]
[Date "2011.3.25"]
[Round "2"]
[White "orlando"]
[Black "ThiagoNeves"]
[Result "0-1"]
[WhiteElo "1657"]
[BlackElo "2296"]

1. g3 d5 2. b3 e5 3. Bg2 Nf6 4. Bb2 Bd6 5. Nf3 Nbd7 6. O-O O-O 7. Nc3 c6 8. e3
Qe7 9. d3 h6 10. a4 a5 11. Re1 Rd8 12. d4 e4 13. Nd2 Nf8 14. Ne2 Bg4 15. c4 Ne6
16. c5 Bc7 17. Bc3 Ng5 18. b4 axb4 19. Bxb4 Qd7 20. h4 Nf3+ 21. Bxf3 Bxf3 22.
Nxf3 exf3 23. Nf4 Qg4 24. Qc2 Bxf4 25. exf4 Qh3 0-1

[Event "AUTO-INT-1892"]
[Site "http://www.queenalice.com/game.php?id=917443"]
[Date "2011.3.25"]
[Round "2"]
[White "ThiagoNeves"]
[Black "orlando"]
[Result "1-0"]
[WhiteElo "2298"]
[BlackElo "1655"]

1. e4 g6 2. d4 b6 3. Nc3 Bg7 4. Nf3 Bb7 5. Bc4 Nc6 6. Be3 Nf6 7. h3 O-O 8. Qd2
d6 9. O-O-O a5 10. Qe2 e6 11. e5 Ne8 12. h4 h5 13. Bg5 Qc8 14. Kb1 dxe5 15. dxe5
a4 16. a3 Ra5 17. Nb5 Qa8 18. Rh3 Ba6 19. Bd2 Bxb5 20. Bxb5 Ra7 21. Bxc6 Qxc6
22. Bb4 b5 23. Ng5 Qxg2 24. Rf3 Nd6 25. exd6 cxd6 26. Bxd6 Rc8 27. Rxf7 Rxf7 28.
Qxe6 Qxf2 29. Qxc8+ Rf8 30. Bxf8 Bxf8 31. Qe6+ Kg7 32. Rd7+ 1-0

[Event "Challenge"]
[Site "http://www.queenalice.com/game.php?id=926477"]
[Date "2011.4.16"]
[Round "-"]
[White "orlando"]
[Black "pj"]
[Result "1-0"]
[WhiteElo "1653"]
[BlackElo "1361"]

1. g3 d6 2. Bg2 e5 3. b3 d5 4. Bb2 f6 5. Nf3 Nc6 6. Nc3 Nh6 7. O-O Qd6 8. Nh4 g5
9. Nf3 g4 10. Ne1 f5 11. Nxd5 Be6 12. Nc3 f4 13. Ne4 Qe7 14. d3 fxg3 15. fxg3
O-O-O 16. Nf2 Nf5 17. Bxc6 Ne3 18. Bxb7+ Kxb7 19. Qd2 Nxf1 20. Kxf1 h5 21. Bxe5
h4 22. Bxh8 hxg3 23. hxg3 Qf7 24. Ng2 Bc5 25. Bd4 Bxd4 26. Nf4 Bxa1 27. Qb4+ Kc8
28. Ne4 Bf5 29. Nc5 Rd4 30. Qb7+ Kd8 31. Ke1 Bc8 32. Qxa7 Qh7 33. Nce6+ Bxe6 34.
Nxe6+ Kd7 35. Qxc7+ Ke8 36. Qxh7 Rd7 37. Qh5+ Ke7 38. Qxg4 Rd6 39. Nc5 Bc3+ 40.
Kd1 Bd4 41. Ne6 Rxe6 42. Qxd4 Rh6 43. Qe3+ Re6 44. Qc5+ Kf6 45. b4 Re5 46. Qxe5+
Kxe5 47. b5 Kd6 48. g4 Kc5 49. g5 Kxb5 50. g6 Kb4 51. g7 Ka3 52. g8=Q Kb2 53. d4
Kc3 54. d5 Kc4 55. d6+ Kc3 56. d7 Kd4 57. Qg3 Kc4 58. d8=Q Kb4 59. Qgc7 Ka3 60.
Qdb8 Kxa2 61. Qca7# 1-0

[Event "Challenge"]
[Site "http://www.queenalice.com/game.php?id=926478"]
[Date "2011.4.16"]
[Round "-"]
[White "pj"]
[Black "orlando"]
[Result "0-1"]
[WhiteElo "1394"]
[BlackElo "1647"]

1. e4 g6 2. Bc4 b6 3. Qf3 e6 4. Nh3 Bg7 5. Ng5 Bf6 6. h4 Ne7 7. Qxf6 O-O 8. h5
Nec6 9. Qf4 Bb7 10. hxg6 fxg6 11. Qh4 Rf7 12. Nxf7 Kxf7 13. Qxh7+ Kf6 14. Rh6
Ke5 15. Qxg6 Nd4 16. Qh5+ Kd6 17. Qh2+ Kc6 18. Qe5 Nxc2+ 19. Kd1 b5 20. Bxb5+
Kb6 21. Kxc2 Qf8 22. Rh5 Bc6 23. Qd4+ Kb7 24. Rh8 Qd6 25. Qa4 Bxb5 26. Qxb5+ Qb6
27. Na3 Qxb5 28. Nxb5 a6 29. Nc3 Ra7 30. d4 a5 31. Rh5 Nc6 32. Rb5+ Ka6 33. Be3
Nb4+ 34. Kb3 c6 35. Rg5 Rb7 36. Ka4 Nc2 37. Rh1 Rb4# 0-1

[Event "Challenge"]
[Site "http://www.queenalice.com/game.php?id=937212"]
[Date "2011.5.12"]
[Round "-"]
[White "orlando"]
[Black "pj"]
[Result "1-0"]
[WhiteElo "1669"]
[BlackElo "1314"]

1. g3 d5 2. b3 e5 3. Bg2 Nf6 4. Bb2 Nc6 5. Nf3 h6 6. Nxe5 Qe7 7. Nxc6 bxc6 8.
Nc3 Ba6 9. O-O Qe5 10. Rb1 h5 11. Nb5 Qe7 12. Nd4 c5 13. Nf5 Qd7 14. Ne3 d4 15.
Bxa8 dxe3 16. dxe3 Bd6 17. Bg2 h4 18. Bxf6 gxf6 19. c4 hxg3 20. fxg3 Qe7 21. Qd5
Kf8 22. Rf3 Bc8 23. Rbf1 Bg4 24. Rxf6 Be6 25. Qa8+ Kg7 26. Qf3 Rf8 27. Qh5 Rh8
28. Qg5+ Kf8 29. Bd5 Rg8 30. Qh6+ Ke8 31. Bxe6 fxe6 32. Rxe6 Kd7 33. Rxe7+ Bxe7
34. Qh7 Re8 35. Qf7 Rf8 36. Rd1+ Kc8 37. Qxe7 Rh8 38. Rd7 Kb7 39. Rxc7+ Kb6 40.
Qxc5+ Ka6 41. Qb5# 1-0

[Event "Challenge"]
[Site "http://www.queenalice.com/game.php?id=937213"]
[Date "2011.5.12"]
[Round "-"]
[White "pj"]
[Black "orlando"]
[Result "0-1"]
[WhiteElo "1316"]
[BlackElo "1667"]

1. e4 g6 2. d4 Bg7 3. Nf3 b6 4. d5 Bb7 5. Ng5 d6 6. Qf3 Nf6 7. Bb5+ c6 8. Nc3
cxb5 9. Nxb5 Nbd7 10. Bf4 O-O 11. Qh3 h5 12. g4 Nxg4 13. f3 Ngf6 14. O-O-O Qc8
15. Rd3 Qc5 16. Rb3 Ba6 17. a4 Qc4 18. Ra3 Nc5 19. b3 Nxb3+ 20. Rxb3 Nxd5 21.
exd5 Qxf4+ 22. Kb1 Qxg5 23. Nc7 Qe5 24. Ka2 Bc4 25. Nxa8 Bxb3+ 26. cxb3 Qb2# 0-1

[Event "Challenge"]
[Site "http://www.queenalice.com/game.php?id=946848"]
[Date "2011.6.7"]
[Round "-"]
[White "orlando"]
[Black "pj"]
[Result "1-0"]
[WhiteElo "1646"]
[BlackElo "1396"]

1. g3 d5 2. b3 e5 3. Bg2 Nc6 4. Bb2 Nf6 5. Nf3 d4 6. O-O Bb4 7. d3 O-O 8. c3
dxc3 9. Nxc3 Qd6 10. Ne4 Nxe4 11. dxe4 a5 12. Qxd6 Bxd6 13. a4 Nb4 14. Bxe5 Re8
15. Bb2 Rxe4 16. e3 Nd3 17. Nd4 Re5 18. Nf3 Rf5 19. Bd4 Be6 20. Nh4 Rh5 21. Bxb7
Re8 22. Bf3 Rg5 23. Rad1 Nb4 24. Rb1 c5 25. Bc3 Na2 26. Bxa5 Re5 27. Rfd1 Rd8
28. Rb2 Nb4 29. Bxd8 g5 30. Rxd6 Bh3 31. Bxg5 Rxg5 32. Bg2 Bg4 33. a5 Kf8 34. a6
Ke7 35. a7 Rg8 36. Rb6 Nd3 37. Rb1 Kd7 38. Rb8 Rg5 39. a8=Q Ke6 40. Qc6+ Ke7 41.
Re8# 1-0

[Event "Challenge"]
[Site "http://www.queenalice.com/game.php?id=946850"]
[Date "2011.6.7"]
[Round "-"]
[White "pj"]
[Black "orlando"]
[Result "1-0"]
[WhiteElo "1349"]
[BlackElo "1675"]

1. e4 g6 2. d4 b6 3. Qf3 Bb7 4. Nc3 Bg7 5. Nge2 Nf6 6. Nf4 e6 7. Bd3 Nc6 8. e5
Nd5 9. Nfxd5 Nxd4 10. Qe4 Nf5 11. Qf4 exd5 12. O-O d4 13. Nb5 O-O 14. Nxd4 Nxd4
15. Qxd4 Qg5 16. Bxg5 d6 17. Qc4 Bxe5 18. c3 c5 19. f4 Bg7 20. Bc2 Rae8 21. Bb3
Re2 22. Qxe2 a5 23. Rfd1 h5 24. Rxd6 Kh7 25. Qe7 Bc8 26. Bf6 Rg8 27. Qxf7 Bf5
28. Qxg8+ Kh6 29. Qxg7# 1-0

[Event "Challenge"]
[Site "http://www.queenalice.com/game.php?id=948567"]
[Date "2011.6.11"]
[Round "-"]
[White "mickeymouse"]
[Black "orlando"]
[Result "0-1"]
[WhiteElo "1359"]
[BlackElo "1671"]

1. e4 g6 2. Nf3 b6 3. Nc3 Bg7 4. d4 Bb7 5. g3 Nf6 6. Bc4 O-O 7. Bf4 Nxe4 8. O-O
Nf6 9. Ne5 e6 10. d5 Nh5 11. Nxf7 Qe7 12. Nh6+ Kh8 13. d6 Qf6 14. Ne2 Nxf4 15.
Nxf4 Bxh6 16. Qd2 Bxf4 17. Qxf4 Qxf4 18. gxf4 Rxf4 19. Rad1 Rg4# 0-1